Potential product: quantitative analysis for the Czech Republic

Guardado en:
Detalles Bibliográficos
Autor principal: Vašíček, Osvald
Otros Autores: Fukač, Martin
Formato: Capítulo de libro
Lenguaje:inglés
Materias:
Etiquetas: Agregar Etiqueta
Sin Etiquetas, Sea el primero en etiquetar este registro!

MARC

LEADER 00000naa$a2200000$$$4500
001 0020540
005 20221128114110.3
041 0 |a eng 
044 |a SK 
245 1 0 |a Potential product: quantitative analysis for the Czech Republic  |c Osvald Vašíček, Martin Fukač 
610 2 0 |a produkcia 
610 2 0 |a výrobky 
610 2 0 |a modely 
610 2 0 |a politika menová 
610 2 0 |a krajiny tranzitívne 
610 2 0 |a analýza kvantitatívna 
610 2 0 |a Česko 
100 1 |a Vašíček, Osvald 
700 1 |a Fukač, Martin